000 00747nam a2200241 i 4500
003 DO-SdBNP
005 20250120110604.0
007 ta
008 240626b1996 dr b|||| |||| 00| 0 spa d
040 _aDO-SdBNP
_bspa
_cBNPHU
_erda
082 4 _222
100 1 _aMolina Morillo, Rafael,
_d1930-1917
_eautor
_937
245 1 0 _aJesucristo :
_bel hijo de Dios /
_cJuan Artale ; presentación, Nicolas de Jesús Cardenal López Rodríguez
250 _a3a edición
264 _aSanto Domingo :
_bITESA,
_c1996.
300 _a531 páginas ;
_c25 cm.
336 _2rdacontent
_atexto
_btxt
337 _2rdamedia
_asin mediación
_bn
338 _2rdacarrier
_avolumen
_bnc
590 _aInventariado, 2024/BT
910 _aBtavárez
942 _2ddc
_cLBS1
999 _c57000
_d57000